000
00297nam a2200121Ia 4500
008
190216s9999||||xx |||||||||||||| ||und||
100
_a
Arthur Lewis
245
0
_a
Principles Of Economic Palnning
260
_b
George Allel And Unwin Ltd
_c
1969
300
_a
128p
650
_a
Commerce
942
_c
BK
999
_c
4064
_d
4064